000 00557nam a22001697a 4500
999 _c61137
_d61137
005 20231222104627.0
008 231222s1965 ru ||||| |||| 00| 0 rus d
041 _arus
080 _a902(430):929 Ш-92
100 _aШтоль, Г.
_920850
245 _aШлиман :
_b(Мечта о Трое) /
_c Г. Штоль;
264 _aМосква :
_b"Молодая гвардия",
_c1965.
300 _a432 с.:
_bил.;
_c21 см.
440 _aЖизнь замечательных людей
_920669
653 _aისტორია
942 _2udc
_cBK